000 00660nam a2200229 4500
001 46041
010 _a9789895523733
021 _b278898/08
090 _a46041
100 _a20170509d2008 m y0pory50030103ba
101 1 _apor
102 _aPT
200 1 _aHistória do bom Deus
_fRainer Maria Rilke
_gtrad. Sandra Filipe
205 _a1.ª ed.
210 9 _aVila Nova de Famalicão
_cQuasi Edicões,
_d2008
215 _a102, [2] p.
_d19 cm
304 _aTít. orig.: geschichten vom lieben gott
675 _a821.112.2(436)-34"18/19"
_vBN
_zpor
700 1 _aRilke,
_bRainer Maria,
_f1875-1926
702 1 _aFilipe,
_bSandra
_4730
801 0 _aPT
_bBN
_gRPC
990 _cLIVROS